Composition - Finale LDC 2017 : Real Madrid - Juventus - Statistiques

Statistiques générales
  • Ce quiz a été pris 2 190 fois
    1 973 depuis la dernière actualisation
  • Le résultat moyen est 22 sur 30
Statistiques - réponses
Joueurs % Correct
Cristiano Ronaldo
98%
Karim Benzema
98%
Luka Modric
97%
Keylor Navas
96%
Sergio Ramos
96%
Toni Kroos
96%
Marcelo
95%
Daniel Carvajal
94%
Gareth Bale
94%
Gianluigi Buffon
94%
Raphaël Varane
92%
Casemiro
88%
Giorgio Chiellini
85%
Leonardo Bonucci
85%
Isco
82%
Mario Mandzukic
81%
Paulo Dybala
77%
Zinédine Zidane
71%
Alex Sandro
62%
Andrea Barzagli
62%
Gonzalo Higuain
60%
Juan Cuadrado
60%
Marco Asensio
59%
Alvaro Morata
47%
Claudio Marchisio
44%
Massimiliano Allegri
43%
Dani Alves
42%
Miralem Pjanic
41%
Sami Khedira
34%
Mario Lemina
8%
Aucun quiz correspondant
Distribution des résultats
% des personnes avec chaque résultat
Percentile par nombre de réponses
Votre historique - résultats
Vous n’avez pas pris ce quiz depuis la dernière actualisation